Izbrannyje pesni
Uložené v:
| Korporatívny autor: | |
|---|---|
| Ďalší autori: | |
| Médium: | Zvuková nahrávka |
| Jazyk: | Russian |
| Vydané: |
[Moskva] :
Melodija,
[s.a.].
|
| Fyzický popis: |
2 gramofónové platne (LP) : analog, 33 1/3 ot/min., stereo ; 30 cm. |
| Tagy: |
Pridať tag
Žiadne tagy, Buďte prvý kto otaguje tento záznam!
|
Titul je dostupný aj v ... 

MARC
| LEADER | 00000njm a22000004a 4500 | ||
|---|---|---|---|
| 001 | 000444521 | ||
| 003 | SVKKK | ||
| 005 | 20161025105918.0 | ||
| 008 | 130816s ru rus d | ||
| 028 | 0 | 1 | |a S 20-08091 |b Melodija |
| 028 | 0 | 1 | |a S 20-08092 |b Melodija |
| 028 | 0 | 1 | |a S 20-08093 |b Melodija |
| 028 | 0 | 1 | |a S 20-08094 |b Melodija |
| 040 | |a SVKKK |b slo |c SVKKK |e AACR2 | ||
| 041 | 0 | |d rus | |
| 044 | |a ru |c RU | ||
| 245 | 0 | 0 | |a Izbrannyje pesni |h [zvukový záznam] / |c Gosudarstvennyj akademičeskij russkij narodnyj chor imeni Pjatnickogo. |
| 246 | 3 | 3 | |a Gosudarstvennyj akademičeskij russkij narodnyj chor imeni Pjatnickogo |
| 246 | 3 | 3 | |a Izbrannyje russije narodnyje pesni |
| 260 | |a [Moskva] : |b Melodija, |c [s.a.]. | ||
| 300 | |a 2 gramofónové platne (LP) : |b analog, 33 1/3 ot/min., stereo ; |c 30 cm. | ||
| 500 | |a Set 2 platní | ||
| 505 | 0 | |a 1. strana : |t Už ty, step´ -- |t Vo luzjach -- |t Gory Vorobjebskije -- |t Čtoj-to zvon -- |t Ne odna vo pole dorozen´ka -- |t Letjat utki, stradanija | |
| 505 | 0 | |a 2. strana : |t Gorjat, gorjat požary -- |t Ne budite menja molodu -- |t Revela burja -- |t Vdol´ da po rečke -- |t Slavnoje more - Svjaščennyj Bajkal -- |t Balalaječka gudit | |
| 505 | 0 | |a 3. strana : |t Vdol´ derevnii -- |t I kto jego znajet -- |t Oj, tumany moji, rastumany -- |t Kak v stepi Kubanskoj -- |t Rosgovor s gorodom -- |t Ty cveti, Rossija naša -- |t Zimuška | |
| 505 | 0 | |a 4. strana : |t Lenin s nami -- |t Otvečajet ljubovju zemlja -- |t Pro raketu -- |t Kolchoznoja pesnja o Moskve -- |t Sidjat veterany -- |t Žen´ka | |
| 511 | 0 | |a Účinkuje Gosudarstvennyj akademičeskij russkij narodnyj chor imeni Pjatnickogo, diriguje V. Levašov | |
| 700 | 1 | |a Levašov, Valentin |4 cnd | |
| 710 | 2 | |a Gosudarstvennyj akademičeskij russkij narodnyj chor imeni Pjatnickogo |4 prf | |
| 910 | |a svkkk | ||
| 998 | |a AM | ||
| 090 | |g SCKHL |k Sklad Pribinova 1. posch. |a IIIG.2968a |j 4365 |i 2720351156 |s Prezenčne CD, DVD | ||
| 090 | |g SCKHL |k Sklad Pribinova 1. posch. |a IIIG.2968b |j 4366 |i 2720351157 |s Prezenčne CD, DVD | ||
| 924 | |a LP | ||
| 924 | |a AVM | ||